Cómo educar en valores: materiales, textos, recursos y técnicas

Guardat en:
Dades bibliogràfiques
Autors principals: Carreras, Llorenc (Autor), Eijo, Pilar (Autor), Estany, Assumpció (Autor), Gómez Masdevall, María Teresa (Autor), Guich, Ricard (Autor), Ojeda, Felipa (Autor), Planas, Teia (Autor), Serrats, María Gràcia (Autor)
Altres autors: Mir Costa, Victoria (autora)
Format: Llibre
Idioma:espanyol
Publicat: Madrid Narcea 2001
Edició:8a. ed
Col·lecció:Colección Educación Hoy
Matèries:
Etiquetes: Afegir etiqueta
Sense etiquetes, Sigues el primer a etiquetar aquest registre!

MARC

LEADER 00000nam a2200000 a 4500
001 UCM2388
003 CL-VaPUC
008 020510e20010100SP |||||||||||||||||spa|d
082 0 4 |a 370.114  |b CAR  |2 21 
100 |a Carreras, Llorenc  |e author  |9 391449 
700 0 |a Eijo, Pilar  |e author  |9 469103 
700 0 |a Estany, Assumpció  |e author  |9 469104 
700 |a Gómez Masdevall, María Teresa  |e author  |9 599026 
700 0 |a Guich, Ricard  |e author  |9 469106 
700 |a Mir Costa, Victoria  |e autora  |9 532001 
700 0 |a Ojeda, Felipa  |e author  |9 469108 
700 0 |a Planas, Teia  |e author  |9 469109 
700 0 |a Serrats, María Gràcia  |e author  |9 469110 
245 1 0 |a Cómo educar en valores: materiales, textos, recursos y técnicas 
250 |a 8a. ed 
300 |a 310 p 
942 |c BK 
945 |d 20020510 00:00:00  |a vberengu 
260 |a Madrid  |b Narcea  |c 2001 
650 0 |a Valores  |9 309628 
650 0 |a Filosofía de la educación   |9 258384 
650 0 |a Educación moral  |9 308319 
650 0 |a Métodos de enseñanza  |9 270413 
583 |a last modification  |c 20020510 00:00:00  |k Rodrigo Vera 
490 0 |a Colección Educación Hoy 
999 |c 300237  |d 300235 
952 |0 0  |1 0  |4 0  |6 370_114000000000000_CAR_2001  |7 0  |8 A  |9 357753  |a BIBMAT  |b BIBMAT  |c E_DIDACT  |d 2019-11-21  |i 3815013  |o 370.114 CAR 2001  |p 3815013  |r 2025-01-07  |w 2019-11-21  |y BK  |k MAT